00770 2200241 4500001002100000005001500021035002000036007000300056008004100059020001800100082001100118084001700129100001700146245002600163250001900189260002700208300003600235500020500271650002100476856001700497990000700514990000700521INLIS00000000000005020220121105027 a0010-0122000050ta220121 0 ind  a9789799926531 a001.43 a001.43 RET a0 aRetna Masita1 aAsyik Bereksperimen 1 aCetakan ke - 2 aSurabaya :bSIC,c2010 a52 hlm :bilus. ;c17.6 x 25 cm aBerbagai peristiwa yang terjadi di alam seperti pelangi, kilat, angin tornado, awan dan munculnya warna langit bukanlah suatu peristiwa mistis. semua itu terdapat penejlasan yang logis dan masuk akal. 4aPercobaan Ilmiah aKoleksi Umum a34 a35